Slovenská povojnová literatúra medzi integráciou a dezintegráciou

Bibliographic Details
Main Author: Zajac, Peter, 1946- (Author)
Format: Article
Language:Slovak
PhysicalDescription:Res. nem., lit. 26 zázn. v češ., nem., slov.
Subjects:

MARC

LEADER 00000nab a2200000 a 4500
001 vtls000498774
003 SK-MaSNL
005 20260304181440.0
008 230223c1993 xo 0 slo
015 |a SNBRB19rr/mm-uuuuu 
035 |a CL0498912 
035 |a urn:nbn:sk:snk-abf28q 
035 |a (urnnbn)urn:nbn:sk:snk:ar-0050sd 
035 |a (uuid)60a8ef99-e4f3-4b6f-882c-483f858ab96d 
040 |a SNKBUCL  |b slo  |c SNKBUCL  |e AACR2 
041 0 |a slo 
044 |a xo  |c SK 
080 |a 82(091):885.4"19"  |2 1981 
080 |a 885.4(091)"19"  |2 1981 
100 1 |a Zajac, Peter,  |d 1946-  |4 aut  |9 103277 
245 1 0 |a Slovenská povojnová literatúra medzi integráciou a dezintegráciou  |c Peter Zajac 
300 |b Res. nem., lit. 26 zázn. v češ., nem., slov. 
650 0 7 |a slovenská literatúra  |2 snkbucl  |9 1115 
655 7 |a články z novín a časopisov  |2 snkbucl  |9 267496 
655 7 |a články z odboru literárna veda a krásna literatúra  |2 snkbucl  |9 770045 
773 0 |t Slovenská literatúra  |g Roč. 40, č. 4 (1993), s. 241-260 
850 |a Slovenská národná knižnica v Martine  |a MTA001 
852 |a SNK  |b KIS3GCP 
954 |a odborná, vedecká literatúra pôvodná (slovenská)  |2 lita 
958 |a NB 
958 |a RK 
958 |a LX 
958 |a OND 
958 |a EUIPO 
958 |a article27 
992 |a RBX 
999 |c 3024080  |d 3026010